00253pam a2200133 a 4500020000500000041000500005100001700010245003400027250000800061260000900069300000900078653001500087700001700102 c h aH. W. Fowler aThe Concise Oxford Dictionary a8th c1990 a1454 aDictionary aF. G. Flwler